Le pain vivant

Saved in:
Bibliografiske detaljer
Hovedforfatter: Mauriac, François (autor)
Format: Bog
Sprog:fransk
Udgivet: París Flammarion 1955
Fag:
Tags: Tilføj Tag
Ingen Tags, Vær først til at tagge denne postø!

MARC

LEADER 00000nam a2200000 a 4500
001 UCZ0929
003 CL-VaPUC
008 950810e19550000FR |||||||||||||||||fre|d
082 0 4 |a 842  |b MAU  |2 21 
100 |a Mauriac, François  |e autor  |9 304055 
245 1 3 |a Le pain vivant 
300 |a 185 p 
942 |c BK 
945 |d 19950810 00:00:00  |a rbrito 
260 |a París  |b Flammarion  |c 1955 
650 0 |a Drama francés  |9 313202 
583 |a last modification  |c 19950810 00:00:00  |k Rodrigo Vera 
999 |c 237794  |d 237792 
952 |0 0  |1 0  |4 0  |6 842_000000000000000_MAU_1955  |7 0  |8 A  |9 247488  |a BIBEDU  |b BIBEDU  |d 2019-11-18  |i 3108139  |o 842 MAU 1955  |p 3108139  |r 2019-11-18  |w 2019-11-18  |y BK  |k LIT